=LDR 00000nam 2200000 4500 =001 INLIS000000000021674 =005 20130612120518 =008 ***********************************Ind** =035 ##$$0010-061300000021674 =041 ##$$a Ind =082 ##$$a 819 =090 ##$$a 819, Pur m =100 ##$$a Purwadi =245 ##$$a Mistik dan kosmologi, serat centhini, Purwadi dan Rahmad Fajri =260 ##$$a 2005 $b Yogyakarta =300 ##$$a ix, 347 hlm, 21 cm =650 ##$$a Sastra Jawa =850 ##$$a NBPNMAT